| 000 | 00721nam a2200205 i 4500 | ||
|---|---|---|---|
| 001 | 51233 | ||
| 003 | ES-MaACL | ||
| 005 | 20230906162324.0 | ||
| 007 | t| | ||
| 008 | 030811s1967 sp ||||1| spa d | ||
| 100 | 1 |
_aChapotin, Marcel. _938039 |
|
| 245 | 1 | 0 |
_aSu alteza el vendedor / _cMarcel Chapotin ; prefacio de Paul Nicolás ; ilustraciones de Pierre Soynier ; [traducido por Alfredo Puigvert Calderón de la Barca]. |
| 260 |
_aMadrid : _bParaninfo, _c1967. |
||
| 300 |
_a206 p. : _bil. ; _c21 cm. |
||
| 650 | 0 | 4 |
_aVendedores. _917758 |
| 700 | 1 |
_aNicolás, Paul. _985569 |
|
| 700 | 1 |
_aSoymier, Pierre. _9107614 |
|
| 700 | 1 |
_aPuigvert Calderón de la Barca, Alfredo. _994311 |
|
| 852 |
_aES-MaACL _jC-32428 _bR.62970 |
||
| 999 |
_c51233 _d51233 |
||